| 000 -CABECERA |
| Longitud fija campo de control |
00385nam a2200145 a 4500 |
| 001 - NÚMERO DE CONTROL |
| Número de control |
6007 |
| 003 - IDENTIFICADOR DEL NÚMERO DE CONTROL |
| Identificador del número de control |
CDMR |
| 005 - FECHA Y HORA DE LA ÚLTIMA TRANSACCIÓN |
| Fecha y hora de la última transacción |
20130306111018.0 |
| 008 - CÓDIGOS DE INFORMACIÓN DE LONGITUD FIJA |
| Códigos de información de longitud fija |
130220s1986||||||||||||||||||||||||||||d |
| 040 ## - FUENTE DE LA CATALOGACIÓN |
| Centro catalogador de origen |
CDMR |
| Lengua de catalogación |
cat |
| Centro transcriptor |
CPC LLEIDA |
| 100 1# - PUNTO DE ACCESO PRINCIPAL-NOMBRE DE PERSONA |
| Nombre de persona |
Virgili, Lluís |
| 9 (RLIN) |
2825 |
| 245 10 - MENCIÓN DE TÍTULO |
| Título |
Artur Vives i Brunet |
| Resto del título |
Miscel·lània |
| Mención de responsabilidad, etc. |
VIRGILI, Lluís |
| 260 ## - PUBLICACIÓN, DISTRIBUCIÓN, ETC. (PIE DE IMPRENTA) |
| Lugar de publicación, distribución, etc. |
Lleida |
| Nombre del editor, distribuidor, etc. |
Virgili&Pagès |
| Fecha de publicación, distribución, etc. |
1986 |
| 942 ## - ENTRADA DE ELEMENTOS AGREGADOS (KOHA) |
| Koha [por defecto] tipo de item |
Monografies |
| Fuente de clasificaión o esquema |
|